<?xml version="1.0" encoding="UTF-8"?>
<record
    xmlns:xsi="http://www.w3.org/2001/XMLSchema-instance"
    xsi:schemaLocation="http://www.loc.gov/MARC21/slim http://www.loc.gov/standards/marcxml/schema/MARC21slim.xsd"
    xmlns="http://www.loc.gov/MARC21/slim">

  <leader>00588nam a22001577a 4500</leader>
  <controlfield tag="003">OSt</controlfield>
  <controlfield tag="005">20120302145813.0</controlfield>
  <controlfield tag="008">090529t        xxu||||| |||| 00| 0 eng d</controlfield>
  <datafield tag="035" ind1=" " ind2=" ">
    <subfield code="a">&#x96A;&#x96D;&#x96D;&#x96D;</subfield>
  </datafield>
  <datafield tag="040" ind1=" " ind2=" ">
    <subfield code="c">&#x92E;&#x930;&#x93E;&#x920;&#x940;</subfield>
  </datafield>
  <datafield tag="245" ind1=" " ind2=" ">
    <subfield code="a">&#x930;&#x902;&#x917;&#x92F;&#x93E;&#x924;&#x94D;&#x930;&#x93E; (&#x967;&#x96F;&#x96B;&#x966; &#x924;&#x947; &#x967;&#x96F;&#x96E;&#x96A; &#x92E;&#x927;&#x940;&#x932; &#x928;&#x93E;&#x91F;&#x915;&#x930;&#x902;&#x917;&#x92D;&#x942;&#x92E;&#x940; &#x906;&#x932;&#x947;&#x916;)</subfield>
  </datafield>
  <datafield tag="260" ind1=" " ind2=" ">
    <subfield code="a">&#x92E;&#x941;&#x902;&#x92C;&#x908; </subfield>
    <subfield code="b">&#x928;&#x93E;&#x91F;&#x94D;&#x92F;&#x938;&#x902;&#x92A;&#x926;&#x93E; </subfield>
    <subfield code="c">&#x967;&#x96F;&#x96E;&#x96E;</subfield>
  </datafield>
  <datafield tag="300" ind1=" " ind2=" ">
    <subfield code="b">&#x96B;&#x96C;&#x966;;&#x969;&#x96E; &#x92A;&#x93E;&#x928;&#x947; </subfield>
  </datafield>
  <datafield tag="700" ind1=" " ind2=" ">
    <subfield code="a">&#x926;&#x947;&#x936;&#x92A;&#x93E;&#x902;&#x921;&#x947;, &#x935;&#x93F;. &#x92D;&#x93E;. -&#x938;&#x902;&#x92A;&#x93E;. </subfield>
    <subfield code="9">5540</subfield>
  </datafield>
  <datafield tag="942" ind1=" " ind2=" ">
    <subfield code="2">ddc</subfield>
    <subfield code="c">BOOK</subfield>
  </datafield>
  <datafield tag="999" ind1=" " ind2=" ">
    <subfield code="c">490634</subfield>
    <subfield code="d">490631</subfield>
  </datafield>
  <datafield tag="952" ind1=" " ind2=" ">
    <subfield code="0">0</subfield>
    <subfield code="1">0</subfield>
    <subfield code="2">ddc</subfield>
    <subfield code="4">0</subfield>
    <subfield code="7">0</subfield>
    <subfield code="a">BVM</subfield>
    <subfield code="b">BVM</subfield>
    <subfield code="d">2009-05-29</subfield>
    <subfield code="g">0.00</subfield>
    <subfield code="l">0</subfield>
    <subfield code="p">4777</subfield>
    <subfield code="r">2010-03-19 00:00:00</subfield>
    <subfield code="w">2010-03-19</subfield>
  </datafield>
</record>
